Challenges for a mega city: (Record no. 35072)

MARC details
000 -LEADER
fixed length control field 01008nam a22002414a 4500
005 - DATE AND TIME OF LATEST TRANSACTION
control field 2010040500290.0
008 - FIXED-LENGTH DATA ELEMENTS--GENERAL INFORMATION
fixed length control field 020919s2003 nyuab b 001 0 eng
010 ## - LCCN (DPL NO)
LC control number B-379455
020 ## - INTERNATIONAL STANDARD BOOK NUMBER
International Standard Book Number 9788180696664
Terms of availability 800.00
035 ## - SYSTEM CONTROL NUMBER
System control number B-379455
037 ## - SOURCE OF ACQUISITION
Source of stock number/acquisition UBH
040 ## - CATALOGING SOURCE
Original cataloging agency dpl
Language of cataloging English
082 ## - DEWEY DECIMAL CLASSIFICATION NUMBER
Classification number 954.16
100 ## - MAIN ENTRY--PERSONAL NAME
Personal name Jolly, U.S.
245 ## - TITLE STATEMENT
Title Challenges for a mega city:
Remainder of title Delhi-a planned city with unplanned growth /
Statement of responsibility, etc by U.S. Jolly
260 ## - PUBLICATION, DISTRIBUTION, ETC. (IMPRINT)
Place of publication, distribution, etc New Delhi
Name of publisher, distributor, etc Concept Publishing Co.
Date of publication, distribution, etc 2010
270 ## - ADDRESS
Address A/15-16, Commercial Block, Mohan Garden,
City New Delhi
Postal code 110059
300 ## - PHYSICAL DESCRIPTION
Extent xvi, 311 p. :
Other physical details col. photos
Dimensions 23 cm(Hb)
500 ## - GENERAL NOTE
General note Includes glossary and index
942 ## - ADDED ENTRY ELEMENTS (KOHA)
Source of classification or shelving scheme Dewey Decimal Classification
Item type English Books
Classification part 954.16
Call number suffix JOL
Holdings
Withdrawn status Lost status Source of classification or shelving scheme Damaged status Not for loan Collection code Home library Current library Date acquired Source of acquisition Cost, normal purchase price Total Checkouts Full call number Barcode Date last seen Copy number Cost, replacement price Koha item type
    Dewey Decimal Classification   Not For Loan Reference Central Library Central Library 05/04/2010 UBH/245/24.2.10/178/23.2.10/24.2.10 800.00   954.16 JOL B-379455 05/04/2010 1 800.00 English Books

© Delhi Public Library
Hit Counter
free hit counter